| 000 | 00738nam a22002417a 4500 | ||
|---|---|---|---|
| 003 | Uzh_bibl | ||
| 008 | 260326b |||||||| |||| 00| 0 ukr d | ||
| 020 |
_a966-7630-14-5 _c9.00 |
||
| 040 | _bукр. | ||
| 041 |
_2ukr _aukr |
||
| 080 | _a34 | ||
| 090 |
_a34 _bК65 |
||
| 100 | _a- | ||
| 245 |
_aКонституція України _c- _hТекст |
||
| 260 |
_aКиїв _b- _c2006 |
||
| 300 | _a102 с. | ||
| 521 | _aДля широкого кола читачів | ||
| 546 | _aукр. | ||
| 650 | _aОфіційне видання | ||
| 653 | _aПрава, свободи та обов'язки людини та громадянина | ||
| 655 |
_aОфіційна література _vСтатті |
||
| 942 |
_2udc _cBK |
||
| 999 |
_c17207 _d17207 |
||